[Event "Oberliga Bayern 1819"]
[Site "Bayern"]
[Date "2018.11.11"]
[Round "2.4"]
[White "Appel, Helmut"]
[Black "Cabarkapa, Novak"]
[Result "0-1"]
[WhiteElo "2177"]
[BlackElo "2430"]
[PlyCount "62"]
[EventDate "2018.10.21"]
[EventType "team-tourn"]
[EventRounds "9"]
[EventCountry "GER"]
[SourceTitle "EXT 2020"]
[Source "ChessBase"]
[SourceDate "2019.10.17"]
[SourceVersion "1"]
[SourceVersionDate "2019.10.17"]
[SourceQuality "1"]
[WhiteTeam "Kareth Lappersdorf"]
[BlackTeam "Deggendorf"]
[WhiteTeamCountry "GER"]
[BlackTeamCountry "GER"]

1. d4 Nf6 2. Nd2 d5 3. e3 Bf5 4. Ne2 h6 5. Ng3 Bh7 6. Nf3 e6 7. Bd3 Bxd3 8. Qxd3 c5 9. 0-0 Nc6 10. Ne5 Nxe5 11. dxe5 Nd7 12. f4 h5 13. e4 c4 14. Qe2 Qb6+ 15. Be3 Bc5 16. Bf2 h4 17. Nh1 h3 18. Ng3 0-0-0 19. Rfd1 Rh4 20. gxh3 Rxf4 21. Bxc5 Qxc5+ 22. Kh1 Rf2 23. Qh5 Rxc2 24. Rf1 dxe4 25. Rxf7 Nxe5 26. Nxe4 Qd5 27. Rf4 Nd3 28. Qd1 Qxe4+ 29. Rxe4 Nf2+ 30. Kg1 Rxd1+ 31. Rxd1 Nxd1 0-1

[Event "Landesliga Nord 1718"]
[Site "Bayern"]
[Date "2018.03.18"]
[Round "8.6"]
[White "Appel, Helmut"]
[Black "Schmidt, Justus"]
[Result "0-1"]
[WhiteElo "2094"]
[BlackElo "2142"]
[PlyCount "130"]
[EventDate "2017.10.22"]
[EventType "team-tourn"]
[EventRounds "9"]
[EventCountry "GER"]
[SourceTitle "EXT 2022"]
[Source "ChessBase"]
[SourceDate "2021.10.06"]
[SourceVersion "1"]
[SourceVersionDate "2021.10.06"]
[SourceQuality "1"]
[WhiteTeam "Kareth Lappersdorf"]
[BlackTeam "Bamberg SC"]
[WhiteTeamCountry "GER"]
[BlackTeamCountry "GER"]

1. e4 c5 2. c3 e6 3. d4 d5 4. exd5 Qxd5 5. Nf3 Nf6 6. Be3 cxd4 7. Bxd4 Nc6 8. Nbd2 Nxd4 9. Nxd4 Be7 10. Bb5+ Bd7 11. Bxd7+ Nxd7 12. 0-0 0-0 13. Re1 Nc5 14. N2f3 Bf6 15. Qe2 Rfd8 16. a3 a6 17. Rad1 Qh5 18. h3 Rac8 19. Kh2 Na4 20. Rd2 Qc5 21. Qe4 Qc7+ 22. g3 Nc5 23. Qe3 b5 24. h4 Re8 25. Ng5 h6 26. Ne4 Nxe4 27. Qxe4 Rcd8 28. Red1 Rc8 29. Kh3 Red8 30. f4 h5 31. Qe2 g6 32. Nf3 Qc6 33. Ne5 Rxd2 34. Rxd2 Bxe5 35. fxe5 Qh1+ 36. Qh2 Qe4 37. Qg2 Qf5+ 38. g4 hxg4+ 39. Qxg4 Qxe5 40. Rd4 Rc5 41. Re4 Qd5 42. Qe2 Qf5+ 43. Kg3 Rd5 44. b3 Qf6 45. c4 bxc4 46. bxc4 Rf5 47. Qe3 Qd8 48. Kh3 Qd1 49. Rf4 Ra5 50. Rd4 Qf1+ 51. Kg3 Qa1 52. Rd3 Re5 53. Qd4 Qe1+ 54. Qf2 Qe4 55. Rd4 Qe3+ 56. Qxe3 Rxe3+ 57. Kf4 Re1 58. Rd6 e5+ 59. Kf3 Rc1 60. Rc6 Kg7 61. Ke4 Re1+ 62. Kd3 f5 63. Rxa6 e4+ 64. Kd2 Ra1 65. c5 f4 0-1

[Event "Oberliga Bayern 1617"]
[Site "Bayern"]
[Date "2017.02.19"]
[Round "6.4"]
[White "Appel, Helmut"]
[Black "Unzicker, Ferdinand"]
[Result "0-1"]
[WhiteElo "2156"]
[BlackElo "2267"]
[PlyCount "72"]
[EventDate "2016.10.16"]
[EventType "team-tourn"]
[EventRounds "9"]
[EventCountry "GER"]
[SourceTitle "EXT 2019"]
[Source "ChessBase"]
[SourceDate "2018.10.10"]
[SourceVersion "1"]
[SourceVersionDate "2018.10.10"]
[SourceQuality "1"]
[WhiteTeam "Kareth Lappersdorf"]
[BlackTeam "Bayern Muenchen II"]
[WhiteTeamCountry "GER"]
[BlackTeamCountry "GER"]

1. d4 d5 2. e3 c5 3. c3 Nc6 4. f4 Nf6 5. Bd3 Bg4 6. Nf3 e6 7. 0-0 Bd6 8. Qe1 Bxf3 9. Rxf3 Ne4 10. Kh1 f5 11. b3 0-0 12. Bb2 Qc7 13. Na3 a6 14. Nc2 cxd4 15. cxd4 Qe7 16. Rf1 Rac8 17. g4 Bb4 18. Nxb4 Nxb4 19. Bxe4 fxe4 20. Ba3 a5 21. Qd2 Qh4 22. Bxb4 axb4 23. Rac1 Qxg4 24. Rc5 b6 25. Rb5 Rc3 26. Rxb4 Rfc8 27. Qg2 Qxg2+ 28. Kxg2 R8c6 29. Re1 Rc2+ 30. Kg3 Rxa2 31. f5 Kf7 32. Rf1 Re2 33. Kf4 Kf6 34. fxe6 Rg2 35. h4 h5 36. e7 Rg4# 0-1

[Event "Oberliga Bayern 1415"]
[Site "Germany"]
[Date "2015.03.15"]
[Round "8.5"]
[White "Appel, Helmut"]
[Black "Baeuml, Ulrich"]
[Result "1-0"]
[WhiteElo "2218"]
[BlackElo "2120"]
[PlyCount "73"]
[EventDate "2014.10.19"]
[EventType "team-tourn"]
[EventRounds "9"]
[EventCountry "GER"]
[SourceTitle "EXT 2016"]
[Source "ChessBase"]
[SourceDate "2015.10.08"]
[SourceVersion "1"]
[SourceVersionDate "2015.10.08"]
[SourceQuality "1"]
[WhiteTeam "Kareth Lappersdorf"]
[BlackTeam "Dillingen"]
[WhiteTeamCountry "GER"]
[BlackTeamCountry "GER"]

1. d4 e6 2. c3 Nf6 3. Bg5 d5 4. Nd2 Be7 5. e3 0-0 6. Bd3 Nbd7 7. f4 c5 8. Ngf3 b6 9. 0-0 Bb7 10. Qe2 Ne4 11. Bxe7 Qxe7 12. Kh1 Ndf6 13. Rg1 Nxd2 14. Nxd2 Ne4 15. Raf1 Nxd2 16. Qxd2 f5 17. g4 c4 18. Bc2 g6 19. Rf3 b5 20. Rfg3 Rf7 21. Qg2 Raf8 22. Bd1 Rg7 23. Rf3 Qd8 24. Rh3 a5 25. Rh6 fxg4 26. Bxg4 Qf6 27. h4 Kh8 28. Qh3 e5 29. dxe5 d4+ 30. Kh2 Qc6 31. h5 Qe4 32. hxg6 Qc2+ 33. Kg3 Rxg6 34. Rxh7+ Kg8 35. Rh8+ Kf7 36. e6+ Ke7 37. Qh7+ 1-0

[Event "Oberliga Bayern 1314"]
[Site "Bayern"]
[Date "2013.10.13"]
[Round "1.4"]
[White "Appel, Helmut"]
[Black "Testor, Sebastian"]
[Result "0-1"]
[WhiteElo "2232"]
[BlackElo "2262"]
[PlyCount "148"]
[EventDate "2013.10.13"]
[EventType "team-tourn"]
[EventRounds "9"]
[EventCountry "GER"]
[SourceTitle "EXT 2015"]
[Source "ChessBase"]
[SourceDate "2014.11.20"]
[SourceVersion "1"]
[SourceVersionDate "2014.11.20"]
[SourceQuality "1"]
[WhiteTeam "Kareth Lappersdorf"]
[BlackTeam "Passau"]
[WhiteTeamCountry "GER"]
[BlackTeamCountry "GER"]

1. e4 e6 2. d4 d5 3. e5 c5 4. c3 Qb6 5. Nf3 Nc6 6. a3 Bd7 7. b4 cxd4 8. cxd4 Rc8 9. Ra2 Nge7 10. Be3 Nf5 11. Bd3 Nxe3 12. fxe3 Nd8 13. 0-0 Bb5 14. Qe2 Bxd3 15. Qxd3 Qc6 16. Nbd2 Be7 17. Qe2 Qa4 18. Rb1 Rc3 19. Rba1 0-0 20. Nf1 f5 21. exf6 Bxf6 22. Ng3 Nf7 23. e4 Rxf3 24. Qxf3 Bxd4+ 25. Kh1 Bxa1 26. Rxa1 Qc6 27. exd5 Qxd5 28. Qxd5 exd5 29. Rd1 Re8 30. Kg1 Re5 31. Kf2 Nd6 32. Kf3 Kf7 33. Ne2 g5 34. Nd4 h5 35. a4 Ke7 36. Rc1 Nc4 37. Rd1 a6 38. Kf2 Nb2 39. Rd2 Nxa4 40. g4 hxg4 41. Kg3 Re4 42. b5 Nc3 43. bxa6 bxa6 44. Nf5+ Ke6 45. Nh6 Rf4 46. Rb2 Ne4+ 47. Kg2 Ke5 48. Ra2 Nc5 49. Kg3 d4 50. Nxg4+ Kd5 51. h4 Ne4+ 52. Kh3 Rf3+ 53. Kh2 gxh4 54. Rxa6 d3 55. Ra5+ Nc5 56. Ra8 Ne4 57. Ra5+ Nc5 58. Ra8 Ne6 59. Ra5+ Kd4 60. Ra4+ Kc3 61. Ne5 d2 62. Rc4+ Kb3 63. Nxf3 d1Q 64. Rxh4 Kc3 65. Kg3 Qd6+ 66. Kf2 Nf4 67. Rg4 Nd3+ 68. Kg2 Qb6 69. Rg3 Nf4+ 70. Kf1 Qb5+ 71. Kf2 Qe2+ 72. Kg1 Kb4 73. Ng5 Qe1+ 74. Kh2 Qf2+ 0-1

[Event "Landesliga Nord 1213"]
[Site "Bayern"]
[Date "2013.01.13"]
[Round "5.3"]
[White "Appel, Helmut"]
[Black "Krauseneck, Peter"]
[Result "1-0"]
[WhiteElo "2167"]
[BlackElo "2084"]
[PlyCount "63"]
[EventDate "2012.10.14"]
[EventType "team-tourn"]
[EventRounds "9"]
[EventCountry "GER"]
[SourceTitle "EXT 2015"]
[Source "ChessBase"]
[SourceDate "2014.11.20"]
[SourceVersion "1"]
[SourceVersionDate "2014.11.20"]
[SourceQuality "1"]
[WhiteTeam "Kareth Lappersdorf"]
[BlackTeam "Bamberg"]
[WhiteTeamCountry "GER"]
[BlackTeamCountry "GER"]

1. e4 e6 2. d4 d5 3. e5 c5 4. c3 Qb6 5. Nf3 Nc6 6. a3 Nh6 7. b4 cxd4 8. cxd4 Nf5 9. Be3 a5 10. b5 Nxe3 11. fxe3 Ne7 12. Bd3 g6 13. Qd2 Bh6 14. Nc3 a4 15. g4 Bd7 16. 0-0 Qa5 17. Rac1 0-0 18. Rc2 Rfc8 19. Rb1 Rxc3 20. Qxc3 Bxe3+ 21. Kg2 Qxc3 22. Rxc3 Rc8 23. Rc2 Kf8 24. Rb4 Rxc2+ 25. Bxc2 Bc1 26. Bxa4 Bxa3 27. Rb3 Bc1 28. Rc3 Bf4 29. Rc7 Bc8 30. b6 g5 31. Kf2 h5 32. h3 1-0

[Event "Landesliga Nord 1213"]
[Site "Bayern"]
[Date "2012.10.14"]
[Round "1.3"]
[White "Appel, Helmut"]
[Black "Kuznetsov, Volodymyr"]
[Result "0-1"]
[WhiteElo "2167"]
[BlackElo "2169"]
[PlyCount "86"]
[EventDate "2012.10.14"]
[EventType "team-tourn"]
[EventRounds "9"]
[EventCountry "GER"]
[SourceTitle "EXT 2015"]
[Source "ChessBase"]
[SourceDate "2014.11.20"]
[SourceVersion "1"]
[SourceVersionDate "2014.11.20"]
[SourceQuality "1"]
[WhiteTeam "Kareth Lappersdorf"]
[BlackTeam "Bindlach II"]
[WhiteTeamCountry "GER"]
[BlackTeamCountry "GER"]

1. e4 d6 2. d4 Nf6 3. Bd3 g6 4. c3 Bg7 5. Nf3 0-0 6. 0-0 Bg4 7. Be3 Nbd7 8. Nbd2 c6 9. h3 Bxf3 10. Qxf3 Qc7 11. Qg3 e5 12. f4 c5 13. dxe5 dxe5 14. f5 Qc6 15. Qh4 b5 16. g4 c4 17. Bc2 Rfd8 18. Rae1 a5 19. Nf3 Rab8 20. Rf2 b4 21. cxb4 axb4 22. Bg5 Re8 23. Nd2 c3 24. bxc3 bxc3 25. Nb3 Rb4 26. a3 Ra4 27. fxg6 fxg6 28. Nc5 Rxa3 29. Nxd7 Nxd7 30. Ref1 Qb6 31. Be7 Ra2 32. Kg2 Qe6 33. Bb4 Qc4 34. Bd3 Qxd3 35. Rxa2 Qxe4+ 36. Rf3 Qxb4 37. Qe1 e4 38. Re3 Bd4 39. Ree2 Nc5 40. Qd1 Rf8 41. Re1 Qc4 42. Rae2 e3 43. Rf1 Rxf1 0-1

[Event "Nuremberg LGA Cup 9th"]
[Site "Nuremberg"]
[Date "2012.09.07"]
[Round "3"]
[White "Mehringer, Joerg"]
[Black "Appel, Helmut"]
[Result "0-1"]
[WhiteElo "1851"]
[BlackElo "2212"]
[PlyCount "76"]
[EventDate "2012.09.06"]
[EventType "swiss"]
[EventRounds "7"]
[EventCountry "GER"]
[SourceTitle "CBM 150 Extra"]
[Source "ChessBase"]
[SourceDate "2012.10.19"]
[SourceVersion "1"]
[SourceVersionDate "2012.10.19"]
[SourceQuality "1"]

1. e4 e5 2. Nf3 Nc6 3. Bc4 Nf6 4. Ng5 d5 5. exd5 Na5 6. Bb5+ c6 7. dxc6 bxc6 8. Qf3 Rb8 9. Bxc6+ Nxc6 10. Qxc6+ Nd7 11. d3 Be7 12. Ne4 Rb6 13. Qa4 0-0 14. 0-0 f5 15. Nec3 Nc5 16. Qxa7 Bb7 17. Qa5 Bxg2 18. Re1 Bf3 19. Kf1 f4 20. Nd2 Bg2+ 21. Ke2 Rff6 22. f3 Qd7 23. Qa8+ Kf7 24. Qd5+ Qe6 25. Qxe6+ Nxe6 26. Nd5 Nd4+ 27. Kd1 Nxf3 28. Nxb6 Rxb6 29. Nxf3 Bxf3+ 30. Kd2 Rh6 31. Rxe5 Bb4+ 32. c3 Rxh2+ 33. Ke1 Bd6 34. Ra5 Ke6 35. Ra6 g5 36. b3 Kd7 37. a4 Bb8 38. Ra8 Bxa8 0-1

[Event "Regionalliga NO 1112"]
[Site "Bayern"]
[Date "2011.11.20"]
[Round "3.5"]
[White "Franz, Gerhard"]
[Black "Appel, Helmut"]
[Result "0-1"]
[WhiteElo "2000"]
[BlackElo "2166"]
[PlyCount "114"]
[EventDate "2011.10.02"]
[EventType "team-tourn"]
[EventRounds "9"]
[EventCountry "GER"]
[SourceTitle "EXT 2013"]
[Source "ChessBase"]
[SourceDate "2012.11.22"]
[SourceVersion "1"]
[SourceVersionDate "2012.11.22"]
[SourceQuality "1"]
[WhiteTeam "Amberg Siemens"]
[BlackTeam "Kareth Lappersdorf"]
[WhiteTeamCountry "GER"]
[BlackTeamCountry "GER"]

1. d4 d5 2. e3 Nf6 3. f4 c5 4. c3 Bf5 5. Nf3 Nc6 6. Ne5 Ne4 7. Nd2 f6 8. Nxc6 bxc6 9. Nxe4 Bxe4 10. Bd3 Bxd3 11. Qxd3 e6 12. b3 Bd6 13. 0-0 0-0 14. e4 cxd4 15. cxd4 Qb6 16. Bb2 e5 17. fxe5 fxe5 18. Kh1 exd4 19. Bxd4 c5 20. Be5 d4 21. Bxd6 Qxd6 22. Kg1 g6 23. Rac1 Rxf1+ 24. Rxf1 Kg7 25. Qc4 Rf8 26. g3 Rf6 27. Rf2 Qe5 28. Qd3 Re6 29. Rf4 Rd6 30. Kf2 Qe6 31. Kf3 Ra6 32. Qd2 Qe5 33. Rh4 g5 34. Rg4 h6 35. h4 Qf6+ 36. Kg2 Qe6 37. Qe2 Rxa2 38. Qxa2 Qxg4 39. Qxa7+ Kg6 40. Qb6+ Kh5 41. Qxc5 Qe2+ 42. Kh3 Qxe4 43. Kh2 Qe2+ 44. Kh3 Qe6+ 45. Kg2 Qe4+ 46. Kf2 Qe3+ 47. Kg2 Qe2+ 48. Kh3 Qe4 49. Kh2 Kg4 50. hxg5 hxg5 51. b4 d3 52. b5 Qe2+ 53. Kg1 Qe1+ 54. Kg2 Qxg3+ 55. Kf1 Qf3+ 56. Kg1 Qd1+ 57. Kf2 Qc2+ 0-1

[Event "Regionalliga NO 1112"]
[Site "Bayern"]
[Date "2011.10.02"]
[Round "1.5"]
[White "Albrecht, Hans"]
[Black "Appel, Helmut"]
[Result "1-0"]
[WhiteElo "2008"]
[BlackElo "2166"]
[PlyCount "91"]
[EventDate "2011.10.02"]
[EventType "team-tourn"]
[EventRounds "9"]
[EventCountry "GER"]
[SourceTitle "EXT 2013"]
[Source "ChessBase"]
[SourceDate "2012.11.22"]
[SourceVersion "1"]
[SourceVersionDate "2012.11.22"]
[SourceQuality "1"]
[WhiteTeam "Altensittenbach"]
[BlackTeam "Kareth Lappersdorf"]
[WhiteTeamCountry "GER"]
[BlackTeamCountry "GER"]

1. e4 e5 2. Nf3 Nc6 3. Bb5 a6 4. Ba4 Nf6 5. Qe2 Bc5 6. c3 b5 7. Bc2 d5 8. exd5 Ne7 9. Nxe5 Qxd5 10. 0-0 Bb7 11. Qf3 Qxe5 12. Qxb7 Ng4 13. g3 0-0 14. d4 Qh5 15. Qg2 Bd6 16. f3 Nf6 17. Nd2 Nfd5 18. Ne4 f5 19. Nxd6 cxd6 20. f4 Nf6 21. a4 Rae8 22. axb5 axb5 23. Bd3 Ned5 24. Bxb5 Re4 25. Bc4 Kh8 26. Bd2 Rfe8 27. Rfe1 h6 28. Rxe4 Rxe4 29. Bd3 Re7 30. c4 Ne3 31. Bxe3 Rxe3 32. Bf1 Ne4 33. b4 Qg4 34. c5 dxc5 35. dxc5 Kh7 36. c6 Qg6 37. Rc1 Nxg3 38. hxg3 Rxg3 39. c7 Qb6+ 40. Kh2 Rg4 41. Qxg4 fxg4 42. c8Q Qf2+ 43. Bg2 Qxf4+ 44. Kh1 h5 45. Rf1 Qxb4 46. Qf5+ 1-0

[Event "Regionalliga NO 0910"]
[Site "Bayern"]
[Date "2010.03.21"]
[Round "8.3"]
[White "Bachstein, Dustin"]
[Black "Appel, Helmut"]
[Result "1-0"]
[WhiteElo "2063"]
[BlackElo "2133"]
[PlyCount "41"]
[EventDate "2009.10.18"]
[EventType "team-tourn"]
[EventRounds "9"]
[EventCountry "GER"]
[SourceTitle "EXT 2011"]
[Source "ChessBase"]
[SourceDate "2010.11.26"]
[SourceVersion "1"]
[SourceVersionDate "2010.11.26"]
[SourceQuality "1"]
[WhiteTeam "Erlangen"]
[BlackTeam "Kareth Lappersdorf"]
[WhiteTeamCountry "GER"]
[BlackTeamCountry "GER"]

1. e4 e5 2. Nf3 Nc6 3. Bb5 a6 4. Ba4 Nf6 5. Qe2 Be7 6. 0-0 b5 7. Bb3 0-0 8. c3 d6 9. h3 Be6 10. d4 Bxb3 11. axb3 exd4 12. cxd4 Qc8 13. Bg5 h6 14. Bh4 Nh5 15. Qd2 Bxh4 16. Nxh4 Qe6 17. Re1 Qxb3 18. Nf5 Kh7 19. Rc1 Nd8 20. d5 b4 21. Nd4 1-0

[Event "Regionalliga NO 0910"]
[Site "Bayern"]
[Date "2010.02.07"]
[Round "6.3"]
[White "Eckhardt, Wladislaw"]
[Black "Appel, Helmut"]
[Result "1/2-1/2"]
[WhiteElo "2138"]
[BlackElo "2133"]
[PlyCount "48"]
[EventDate "2009.10.18"]
[EventType "team-tourn"]
[EventRounds "9"]
[EventCountry "GER"]
[SourceTitle "EXT 2011"]
[Source "ChessBase"]
[SourceDate "2010.11.26"]
[SourceVersion "1"]
[SourceVersionDate "2010.11.26"]
[SourceQuality "1"]
[WhiteTeam "Fuerth"]
[BlackTeam "Kareth Lappersdorf"]
[WhiteTeamCountry "GER"]
[BlackTeamCountry "GER"]

1. d4 d5 2. c4 e6 3. Nc3 Nf6 4. Bg5 Be7 5. cxd5 exd5 6. e3 0-0 7. Bd3 b6 8. Qc2 h6 9. h4 Be6 10. Nge2 c5 11. Bf5 Bxf5 12. Qxf5 hxg5 13. hxg5 Qd7 14. Qd3 c4 15. Qc2 Ne4 16. Nxe4 dxe4 17. Qxe4 Bb4+ 18. Kf1 Re8 19. Qh7+ Kf8 20. Nf4 Ke7 21. Qe4+ Kd6 22. Qd5+ Ke7 23. Qe4+ Kd6 24. Qd5+ Ke7 1/2-1/2

[Event "Regionalliga NO 0910"]
[Site "Bayern"]
[Date "2010.01.24"]
[Round "5.3"]
[White "Appel, Helmut"]
[Black "Palkova, Katerina"]
[Result "1/2-1/2"]
[WhiteElo "2133"]
[BlackElo "2008"]
[PlyCount "73"]
[EventDate "2009.10.18"]
[EventType "team-tourn"]
[EventRounds "9"]
[EventCountry "GER"]
[SourceTitle "EXT 2011"]
[Source "ChessBase"]
[SourceDate "2010.11.26"]
[SourceVersion "1"]
[SourceVersionDate "2010.11.26"]
[SourceQuality "1"]
[WhiteTeam "Kareth Lappersdorf"]
[BlackTeam "Dietfurt"]
[WhiteTeamCountry "GER"]
[BlackTeamCountry "GER"]

1. e4 d6 2. d4 Nf6 3. Bd3 e5 4. c3 Be7 5. Ne2 0-0 6. 0-0 Bg4 7. Be3 Bh5 8. h3 Re8 9. Nd2 Bf8 10. Qc2 c5 11. Rae1 cxd4 12. cxd4 Nc6 13. Qa4 d5 14. f3 dxe4 15. Nxe4 exd4 16. Nxd4 Nxd4 17. Nxf6+ Qxf6 18. Bxd4 Qd6 19. Rxe8 Rxe8 20. Bxa7 Ra8 21. Bb5 Qe5 22. Bd4 Rxa4 23. Bxe5 Rxa2 24. Bc4 Ra5 25. f4 Rc5 26. Bb3 Be2 27. Ra1 Rc8 28. Kf2 Bb5 29. Bd4 Bd6 30. f5 Kf8 31. Rd1 Bc5 32. Bxc5+ Rxc5 33. Rd5 Rxd5 34. Bxd5 b6 35. Ke3 Ke7 36. g4 f6 37. Bf3 1/2-1/2

[Event "Regionalliga NO 0910"]
[Site "Bayern"]
[Date "2009.12.13"]
[Round "4.3"]
[White "Sejdic, Enis"]
[Black "Appel, Helmut"]
[Result "1/2-1/2"]
[WhiteElo "2106"]
[BlackElo "2133"]
[PlyCount "82"]
[EventDate "2009.10.18"]
[EventType "team-tourn"]
[EventRounds "9"]
[EventCountry "GER"]
[SourceTitle "EXT 2011"]
[Source "ChessBase"]
[SourceDate "2010.11.26"]
[SourceVersion "1"]
[SourceVersionDate "2010.11.26"]
[SourceQuality "1"]
[WhiteTeam "Bechhofen"]
[BlackTeam "Kareth Lappersdorf"]
[WhiteTeamCountry "GER"]
[BlackTeamCountry "GER"]

1. e4 e5 2. Bc4 Nf6 3. d3 Nc6 4. c3 Be7 5. Nf3 0-0 6. 0-0 d5 7. exd5 Nxd5 8. h3 Kh8 9. Re1 f6 10. Bb3 Na5 11. Bc2 c5 12. Nbd2 Nc6 13. Nf1 Be6 14. a3 Qd7 15. d4 cxd4 16. cxd4 Bd6 17. dxe5 Nxe5 18. Ng3 Rad8 19. Nd4 Bf7 20. Bf5 Qc7 21. Nb5 Qb6 22. Nxd6 Rxd6 23. Qa4 Rc6 24. Be4 Rc4 25. Qd1 Rd8 26. Qe2 Rcc8 27. Be3 Nxe3 28. Qxe3 Qxe3 29. Rxe3 Nc4 30. Re2 b6 31. Bf5 Rc7 32. Rae1 Ne5 33. f4 Ng6 34. Bxg6 hxg6 35. Re7 Rdd7 36. Rxd7 Rxd7 37. Re2 Kh7 38. Ne4 Kh6 39. Kf2 Bc4 40. Rd2 Rxd2+ 41. Nxd2 Bd5 1/2-1/2

[Event "Regionalliga NO 0809"]
[Site "Bayern"]
[Date "2008.10.26"]
[Round "2.3"]
[White "Appel, Helmut"]
[Black "Laubert, Johannes"]
[Result "1/2-1/2"]
[WhiteElo "2161"]
[BlackElo "2067"]
[PlyCount "91"]
[EventDate "2008.10.05"]
[EventType "team-tourn"]
[EventRounds "9"]
[EventCountry "GER"]
[SourceTitle "EXT 2020"]
[Source "ChessBase"]
[SourceDate "2019.10.17"]
[SourceVersion "1"]
[SourceVersionDate "2019.10.17"]
[SourceQuality "1"]
[WhiteTeam "Kareth Lappersdorf"]
[BlackTeam "Windischeschenbach"]
[WhiteTeamCountry "GER"]
[BlackTeamCountry "GER"]

1. e4 e6 2. d4 d5 3. e5 c5 4. c3 Qb6 5. Nf3 Nc6 6. Be2 cxd4 7. cxd4 Nge7 8. Na3 Nf5 9. Nc2 Be7 10. 0-0 Bd7 11. Rb1 Rc8 12. Kh1 h5 13. Bd2 a5 14. Bc3 g5 15. Nfe1 g4 16. g3 Nb4 17. Qd2 Bb5 18. a3 Bxe2 19. Qxe2 Nc6 20. Rd1 Kd7 21. Ng2 Rh7 22. Nge3 Nxe3 23. Nxe3 Bg5 24. f4 gxf3 25. Rxf3 Rg8 26. Qf2 Ke8 27. Rf1 Qc7 28. Ng2 Qe7 29. Qc2 Rgg7 30. Qa4 Qc7 31. Qb5 h4 32. gxh4 Bxh4 33. Nf4 Bg3 34. Rxg3 Rxg3 35. Qe2 Rg5 36. Qd3 Rhg7 37. Qf3 Qe7 38. Nh5 R7g6 39. Nf6+ Kd8 40. Qd3 Qc7 41. Qh3 Ne7 42. Rc1 b6 43. b3 Ng8 44. Qe3 Qe7 45. Bxa5 Qb7 46. Qc3 1/2-1/2

[Event "Regionalliga NO 0809"]
[Site "Bayern"]
[Date "2008.10.05"]
[Round "1.2"]
[White "Appel, Helmut"]
[Black "Paerr, Manfred"]
[Result "1-0"]
[WhiteElo "2161"]
[BlackElo "2118"]
[PlyCount "87"]
[EventDate "2008.10.05"]
[EventType "team-tourn"]
[EventRounds "9"]
[EventCountry "GER"]
[SourceTitle "EXT 2020"]
[Source "ChessBase"]
[SourceDate "2019.10.17"]
[SourceVersion "1"]
[SourceVersionDate "2019.10.17"]
[SourceQuality "1"]
[WhiteTeam "Kareth Lappersdorf"]
[BlackTeam "Regensburg Fortuna II"]
[WhiteTeamCountry "GER"]
[BlackTeamCountry "GER"]

1. e4 e5 2. Nf3 Nc6 3. d4 exd4 4. Bc4 d6 5. Nxd4 Nf6 6. 0-0 Be7 7. Nxc6 bxc6 8. Bd3 0-0 9. Kh1 d5 10. e5 Ng4 11. f4 Bc5 12. Qe1 f6 13. h3 Nh6 14. Qc3 Qe7 15. b4 Nf5 16. Qxc5 Qxc5 17. bxc5 Ng3+ 18. Kg1 Nxf1 19. Bxf1 fxe5 20. fxe5 Bf5 21. Bd3 Rad8 22. Nd2 d4 23. Bxf5 Rxf5 24. Nf3 Rd5 25. Rb1 Rxc5 26. Rb8+ Kf7 27. e6+ Kf6 28. e7 Kxe7 29. Ba3 Kd7 30. Bxc5 Rxc5 31. Rb4 Rxc2 32. Rxd4+ Ke6 33. Ra4 Kd5 34. Rxa7 c5 35. Rxc7 Rxa2 36. Rxg7 c4 37. Rxh7 c3 38. Rc7 Ra3 39. h4 Ke4 40. h5 Kd3 41. h6 Ra1+ 42. Kf2 Rh1 43. h7 Kc2 44. g4 1-0

[Event "Regionalliga NO 0708"]
[Site "Bayern"]
[Date "2007.10.21"]
[Round "1.1"]
[White "Appel, Helmut"]
[Black "Promyshlyanskiy, Vitaliy"]
[Result "0-1"]
[WhiteElo "2174"]
[BlackElo "2200"]
[PlyCount "58"]
[EventDate "2007.10.21"]
[EventType "team-tourn"]
[EventRounds "9"]
[EventCountry "GER"]
[SourceTitle "EXT 2009"]
[Source "ChessBase"]
[SourceDate "2008.11.26"]
[SourceVersion "1"]
[SourceVersionDate "2008.11.26"]
[SourceQuality "1"]
[WhiteTeam "Kareth Lappersdorf"]
[BlackTeam "Erlangen"]
[WhiteTeamCountry "GER"]
[BlackTeamCountry "GER"]

1. e4 e5 2. Bc4 Nf6 3. Nf3 Nxe4 4. Nc3 Nxc3 5. dxc3 f6 6. Nh4 g6 7. f4 c6 8. f5 d5 9. fxg6 dxc4 10. Qh5 Kd7 11. gxh7 Qe8 12. Ng6 Kc7 13. g4 Bxg4 14. Qxg4 Rxh7 15. h4 Nd7 16. Nxf8 Qxf8 17. Qf5 Qg8 18. Be3 Qd5 19. Ke2 Rah8 20. Rad1 Rh5 21. Qf2 Qe4 22. Rhg1 R8h7 23. Kd2 Rxh4 24. Rg2 Rh3 25. Rdg1 b6 26. Qe2 f5 27. Rg3 Rxg3 28. Rxg3 Qd5+ 29. Kc1 f4 0-1

[Event "Regionalliga NO 0607"]
[Site "Bayern"]
[Date "2007.02.25"]
[Round "6.1"]
[White "Eiber, Manfred"]
[Black "Appel, Helmut"]
[Result "1-0"]
[WhiteElo "2198"]
[BlackElo "2182"]
[PlyCount "57"]
[EventDate "2006.10.15"]
[EventType "team-tourn"]
[EventRounds "9"]
[EventCountry "GER"]
[SourceTitle "EXT 2008"]
[Source "ChessBase"]
[SourceDate "2007.11.25"]
[SourceVersion "1"]
[SourceVersionDate "2007.11.25"]
[SourceQuality "1"]
[WhiteTeam "Nuernberg Sued SW"]
[BlackTeam "Kareth Lappersdorf"]
[WhiteTeamCountry "GER"]
[BlackTeamCountry "GER"]

1. d4 d5 2. Bg5 c5 3. dxc5 f6 4. Bd2 e5 5. b4 a5 6. c3 b6 7. cxb6 Qxb6 8. e3 axb4 9. cxb4 Bxb4 10. Nc3 Ne7 11. Bb5+ Nbc6 12. a4 0-0 13. Nge2 d4 14. exd4 Nxd4 15. Nxd4 Qxd4 16. Qb3+ Kh8 17. 0-0 Bb7 18. Rfd1 Qg4 19. Bf1 Nc6 20. h3 Qc8 21. Nb5 Bxd2 22. Rxd2 Na5 23. Qb4 Bc6 24. Rc1 Qb7 25. Rdc2 Bd5 26. Rc7 Qb6 27. Qe7 Rg8 28. Nd6 Nc6 29. R1xc6 1-0